| 000 | 00820nam a2200241 a 4500 | ||
|---|---|---|---|
| 001 | 588 | ||
| 005 | 20221127085958.0 | ||
| 008 | 050920s lxxua | 00100|eng d | ||
| 020 |
_a007233973X(acid paper) : _cSR132.00 |
||
| 020 | _a0071188533(intern. ed.). | ||
| 035 | _a601 | ||
| 082 | 0 | 4 |
_a658.15 _bN42 2001 |
| 245 | 0 | 4 |
_aThe new corporate finance : _bwhere theory meets practice / _cedited by Donald H. Chew. |
| 250 | _a3rd ed. | ||
| 260 |
_aBoston, Mass. : _bMcGraw-Hill, _c2001. |
||
| 300 |
_axxii, 648 p. : _bill. ; _c23 cm. |
||
| 440 | 0 | _aMcGraw-Hill/Irwin series in finance, insurance, and real estate. | |
| 504 | _aIncludes bibl. references and index. | ||
| 650 | 4 | _aManagerial economics. | |
| 650 | 4 |
_aCorporations _xFinance. |
|
| 650 | 4 |
_aBusiness enterprises _xFinance. |
|
| 700 | 0 |
_aChew, Donald H., _eeditor. |
|
| 999 |
_c588 _d588 |
||